[Event "Toronto Candidates Blitz op"]
[Site "Toronto"]
[Date "2024.04.08"]
[Round "8"]
[White "Knox, Christopher"]
[Black "Bao, Tony Bohan"]
[Result "1-0"]
[WhiteElo "2187"]
[BlackElo "1930"]
[PlyCount "65"]
[EventDate "2024.04.08"]
[EventType "swiss (blitz)"]
[EventRounds "9"]
[EventCountry "CAN"]
[SourceTitle "CB16_2024"]
[SourceDate "2024.04.17"]
[SourceVersion "1"]
[SourceVersionDate "2024.04.17"]
[SourceQuality "1"]

1. d4 Nf6 2. Nf3 g6 3. Nc3 d5 4. Bf4 Bg7 5. e3 0-0 6. Be2 c5 7. Ne5 Nc6 8. Qd2 Bf5 9. g4 Be6 10. f3 Qb6 11. 0-0-0 c4 12. Kb1 Qa6 13. a4 Nd7 14. Nxd7 Bxd7 15. Nxd5 Qxa4 16. Qc3 e6 17. Nc7 Rac8 18. Bxc4 e5 19. Bb5 Qb4 20. Qxb4 Nxb4 21. Bxd7 Rxc7 22. dxe5 Rxc2 23. Rd4 Rc7 24. Rc1 Nc6 25. Bxc6 bxc6 26. Rdc4 Re7 27. Rxc6 Bxe5 28. Bxe5 Rxe5 29. e4 Rb8 30. Rc8+ Rxc8 31. Rxc8+ Kg7 32. Rc7 a5 33. Kc2 1-0

[Event "CAN-ch University"]
[Site "Ottawa"]
[Date "2018.01.13"]
[Round "2"]
[White "Caen, Andy"]
[Black "Bao, Tony Bohan"]
[Result "1-0"]
[WhiteElo "2113"]
[BlackElo "2047"]
[PlyCount "79"]
[EventDate "2018.01.13"]
[EventType "swiss"]
[EventRounds "5"]
[EventCountry "CAN"]
[SourceTitle "EXT 2022"]
[Source "ChessBase"]
[SourceDate "2021.10.06"]
[SourceVersion "1"]
[SourceVersionDate "2021.10.06"]
[SourceQuality "1"]

1. e4 c5 2. Nf3 d6 3. d4 cxd4 4. Nxd4 Nf6 5. Nc3 a6 6. f3 e6 7. Be3 Qc7 8. Qd2 Nbd7 9. 0-0-0 Be7 10. g4 Ne5 11. h4 b5 12. g5 Nfd7 13. a3 Bb7 14. h5 Nb6 15. Qf2 Nec4 16. Bxc4 Nxc4 17. g6 Bf6 18. f4 Rc8 19. gxf7+ Kxf7 20. Rd3 Qa5 21. f5 b4 22. fxe6+ Ke8 23. Nb3 Qc7 24. axb4 Nxb2 25. Kxb2 Bxc3+ 26. Kb1 Rf8 27. Qg2 Be5 28. Rc1 Qc4 29. Bd4 Qxe6 30. Rcd1 Rf4 31. Bxe5 Qxe5 32. Qh3 Rc6 33. Na5 Rxc2 34. Kxc2 Rf2+ 35. R1d2 Rxd2+ 36. Kxd2 Qb2+ 37. Ke3 Qc1+ 38. Ke2 Qc2+ 39. Rd2 Qc7 40. Qe6+ 1-0

[Event "Toronto NAYCC U16"]
[Site "Toronto"]
[Date "2013.08.18"]
[Round "9"]
[White "Bao, Tony Bohan"]
[Black "Ding, Andrew"]
[Result "0-1"]
[WhiteElo "1895"]
[BlackElo "2228"]
[PlyCount "42"]
[EventDate "2013.08.14"]
[EventType "swiss"]
[EventRounds "9"]
[EventCountry "CAN"]
[SourceTitle "EXT 2022"]
[Source "ChessBase"]
[SourceDate "2021.10.06"]
[SourceVersion "1"]
[SourceVersionDate "2021.10.06"]
[SourceQuality "1"]

1. Nf3 c5 2. c4 Nf6 3. Nc3 e6 4. g3 b6 5. Bg2 Bb7 6. 0-0 Be7 7. Re1 d6 8. e4 Nbd7 9. d4 cxd4 10. Nxd4 a6 11. Be3 Qc7 12. Rc1 0-0 13. b3 Rfd8 14. h3 Rac8 15. Qd2 Qb8 16. Rcd1 Qa8 17. Nc2 b5 18. cxb5 Nxe4 19. Nxe4 Bxe4 20. Bxe4 Qxe4 21. Nb4 Ne5 0-1

[Event "Toronto NAYCC U16"]
[Site "Toronto"]
[Date "2013.08.18"]
[Round "8"]
[White "Bao, Tony Bohan"]
[Black "Sun, Mike"]
[Result "1/2-1/2"]
[WhiteElo "1895"]
[BlackElo "2021"]
[PlyCount "77"]
[EventDate "2013.08.14"]
[EventType "swiss"]
[EventRounds "9"]
[EventCountry "CAN"]
[SourceTitle "EXT 2022"]
[Source "ChessBase"]
[SourceDate "2021.10.06"]
[SourceVersion "1"]
[SourceVersionDate "2021.10.06"]
[SourceQuality "1"]

1. Nf3 c5 2. c4 Nc6 3. Nc3 g6 4. g3 Bg7 5. Bg2 e6 6. 0-0 Nge7 7. d3 0-0 8. Be3 d6 9. Qc1 Rb8 10. Rb1 b6 11. Rd1 Nd4 12. Bxd4 cxd4 13. Nb5 Nc6 14. Nd2 Bb7 15. Bxc6 Bxc6 16. Nxa7 Bd7 17. Ra1 Qe8 18. a4 Bxa4 19. b3 Bc6 20. Qa3 Qd7 21. Nxc6 Qxc6 22. Rdc1 Ra8 23. Qb4 Bh6 24. Rcb1 Rfc8 25. Nf3 e5 26. Ra4 Bf8 27. Qd2 b5 28. Rxa8 Rxa8 29. Qb2 b4 30. Ra1 Bh6 31. Ra2 Kg7 32. Qa1 Rxa2 33. Qxa2 Kf6 34. Qa5 Qc5 35. Qd8+ Kg7 36. Qa8 Bc1 37. Kf1 Qc7 38. Qa4 Qc5 39. Qa8 1/2-1/2

[Event "Toronto NAYCC U16"]
[Site "Toronto"]
[Date "2013.08.15"]
[Round "2"]
[White "Bao, Tony Bohan"]
[Black "Qian, Lanting"]
[Result "1/2-1/2"]
[WhiteElo "1895"]
[BlackElo "1518"]
[PlyCount "129"]
[EventDate "2013.08.14"]
[EventType "swiss"]
[EventRounds "9"]
[EventCountry "CAN"]
[SourceTitle "EXT 2022"]
[Source "ChessBase"]
[SourceDate "2021.10.06"]
[SourceVersion "1"]
[SourceVersionDate "2021.10.06"]
[SourceQuality "1"]

1. Nf3 Nf6 2. c4 c6 3. g3 d5 4. Bg2 g6 5. b3 Bg7 6. Bb2 0-0 7. 0-0 Bf5 8. d3 Re8 9. Nbd2 Qc8 10. Re1 Bh3 11. Bh1 h6 12. Qc2 Nbd7 13. e4 dxe4 14. dxe4 e5 15. Rad1 Qc7 16. a3 a5 17. Nb1 Rad8 18. Nc3 Nf8 19. Na4 N6h7 20. Bg2 Bxg2 21. Kxg2 Ne6 22. Bc1 Nd4 23. Nxd4 exd4 24. c5 g5 25. f4 gxf4 26. Bxf4 Qd7 27. Qd2 Qe6 28. Rb1 d3 29. Nc3 Qg6 30. e5 Ng5 31. Rbd1 Qf5 32. Bxg5 Qxg5 33. Qxg5 hxg5 34. Re3 d2 35. Nb1 Rxe5 36. Rxe5 Bxe5 37. Rxd2 Rxd2+ 38. Nxd2 Bd4 39. Nc4 Bxc5 40. Nxa5 Bxa3 41. Nxb7 Kf8 42. Na5 c5 43. Nc4 Bb4 44. Kf3 Ke7 45. Ke4 Ke6 46. g4 Be1 47. h3 f6 48. Ne3 Bf2 49. Nc4 Bd4 50. Nb6 Bg1 51. Nc4 Bh2 52. Ne3 Kd6 53. Nd5 Be5 54. Ne3 Kc6 55. Nd5 Ba1 56. Ne3 Kb5 57. Nd5 Kc6 58. Ne3 Bd4 59. Nd5 Kd6 60. Nb6 Kc6 61. Nd5 Be5 62. Ne3 Kb5 63. Nd5 Bd4 64. Kf5 Bb2 65. Ke4 1/2-1/2

[Event "Toronto NAYCC U16"]
[Site "Toronto"]
[Date "2013.08.15"]
[Round "3"]
[White "Mattekatt, Joe"]
[Black "Bao, Tony Bohan"]
[Result "1/2-1/2"]
[WhiteElo "871"]
[BlackElo "1895"]
[PlyCount "58"]
[EventDate "2013.08.14"]
[EventType "swiss"]
[EventRounds "9"]
[EventCountry "CAN"]
[SourceTitle "EXT 2022"]
[Source "ChessBase"]
[SourceDate "2021.10.06"]
[SourceVersion "1"]
[SourceVersionDate "2021.10.06"]
[SourceQuality "1"]

1. d4 Nf6 2. c4 g6 3. Nc3 Bg7 4. Nf3 0-0 5. e3 d6 6. Bd3 Nbd7 7. 0-0 c5 8. d5 a6 9. e4 Rb8 10. a4 Ng4 11. h3 Nge5 12. Nxe5 Nxe5 13. Be2 Nd7 14. Qc2 Qc7 15. Be3 Nf6 16. Rfd1 Bd7 17. Bf4 b6 18. Rab1 Rfc8 19. b3 Ne8 20. Bd3 Qd8 21. Re1 Qc7 22. Re2 Bd4 23. Rbe1 f6 24. Rd2 Bxc3 25. Qxc3 b5 26. axb5 axb5 27. Rde2 bxc4 28. Bxc4 Bb5 29. e5 Bd7 1/2-1/2

[Event "Kitchener Winter op"]
[Site "Kitchener "]
[Date "2013.03.09"]
[Round "1"]
[White "Bao, Tony Bohan"]
[Black "Cormier, Adam"]
[Result "0-1"]
[WhiteElo "1981"]
[BlackElo "2250"]
[PlyCount "54"]
[EventDate "2013.03.09"]
[EventType "swiss"]
[EventRounds "5"]
[EventCountry "CAN"]
[SourceTitle "EXT 2015"]
[Source "ChessBase"]
[SourceDate "2014.11.20"]
[SourceVersion "1"]
[SourceVersionDate "2014.11.20"]
[SourceQuality "1"]

1. Nf3 c5 2. c4 Nf6 3. Nc3 g6 4. g3 Bg7 5. Bg2 0-0 6. 0-0 d5 7. cxd5 Nxd5 8. Nxd5 Qxd5 9. d3 Nc6 10. a3 Qd6 11. Qc2 e5 12. Be3 b6 13. Rfc1 Bb7 14. Nd2 Rac8 15. Qa4 f5 16. Nc4 Qe7 17. Rab1 f4 18. Bd2 fxg3 19. fxg3 Nd4 20. Qd1 e4 21. e3 exd3 22. exd4 Bxd4+ 23. Kh1 Bxg2+ 24. Kxg2 Rf2+ 25. Kh3 Qe6+ 26. g4 Qe4 27. Qh1 Rf3+ 0-1

[Event "CAN-ch U14"]
[Site "Windsor"]
[Date "2010.07.06"]
[Round "1"]
[White "Itkin, David"]
[Black "Bao, Tony Bohan"]
[Result "1-0"]
[WhiteElo "1966"]
[BlackElo "1221"]
[PlyCount "53"]
[EventDate "2010.07.06"]
[EventType "swiss"]
[EventRounds "7"]
[EventCountry "CAN"]
[SourceTitle "EXT 2012"]
[Source "ChessBase"]
[SourceDate "2011.11.24"]
[SourceVersion "1"]
[SourceVersionDate "2011.11.24"]
[SourceQuality "1"]

1. e4 d5 2. exd5 Nf6 3. Be2 Nxd5 4. d4 g6 5. Nf3 Bg7 6. h3 Nc6 7. c4 Nb6 8. Be3 0-0 9. Nc3 e5 10. d5 Ne7 11. Qd2 Nf5 12. Bc5 Re8 13. 0-0 Nd7 14. Ba3 b6 15. Ne4 Nf6 16. Nfg5 Bf8 17. Bxf8 Rxf8 18. f4 Nxe4 19. Nxe4 f6 20. fxe5 fxe5 21. g4 Nd4 22. Rxf8+ Qxf8 23. Rf1 Qe7 24. Nf6+ Kg7 25. Bd3 Ba6 26. Qg5 Rh8 27. Nh5+ 1-0